000
00275nam a2200109Ia 4500
005
20251222144831.0
008
251222s9999||||xx |||||||||||||| ||spa||
082
_a
378.055/A81
245
0
_a
Resumen EstadÃstico 2001:
264
_b
Asamblea Nacional de Rectores
942
_c
LIB
999
_c
20870
_d
20870